| 000 | 00996nam0a22002531 4500 | ||
|---|---|---|---|
| 001 | rc\4523308 | ||
| 005 | 20260406215125.0 | ||
| 021 |
_aRU _b[63-26814] |
||
| 035 | _a(NLR Aleph) 008626346 | ||
| 090 |
_a8855094 _c8855094 |
||
| 100 | _a20130416d1963 |||y0rusy50 ca | ||
| 101 | 0 | _arus | |
| 102 | _aRU | ||
| 105 | _ay z ||||| | ||
| 200 | 1 |
_aИнструкция по работе первичных организаций Добровольного пожарного общества Казахской ССР _e[Утв. 31/X 1958 г.] |
|
| 210 |
_aАлма-Ата _cКазсельхозгиз _d1963 |
||
| 215 |
_a48 с. _d20 |
||
| 606 |
_aПожарные общества, добровольные _yКазахская ССР _2psbo |
||
| 710 | 0 | 2 |
_aКазахское респ. добровольное пожарное о-во _cАлма-Ата _9442743 _3RU\NLR\AUTH\889973144 |
| 801 | 0 |
_aRU _bNLR _gpsbo |
|
| 801 | 1 |
_aRU _bELAR _2rusmarc |
|
| 852 |
_aNLR _j63-4/6367 |
||
| 942 | _cBOOK | ||
| 980 | _aNB | ||